000 00678nam a22002297a 4500
008 240609b mp ||||| |||| 00| 0 mon d
020 _a99929-0-472-0
035 _a413
040 _aHUV0167120
_bmon
_cMN-UlNLM
_dMN-UlNLM
_erda
041 _amon
042 _a441
084 _2NNA
_a28.6
_bК-921
100 _aКуппэр Х.
245 0 _aХовордсон ан амьтан
264 _aУлаанбаатар
_bАдмон ХХК
_c2007
300 _a20х.
336 _2rdacontent
_atext
_btxt
337 _2rdamedia
_aunmediated
_bn
338 _2rdacarrier
_avolume
_bnc
490 _aХүүхдийн танин мэдэхүйн цуврал
942 _2NNA
_cBK
999 _c860689
_d860746